000 00669nam a2200253Ia 4500
001 9069
005 20240113234148.0
007 ta
008 050723s1961 a g b000 u eng u
040 _aCotton College,Assam
041 _aeng
082 _a823.09
_bB 623 D
100 _aBloomfield, Paul .
245 0 _aDisraeli /
_cPaul Bloomfield.
_hTextual Documents
250 _a1st ed. /
260 _aNew York :
_bLongmans Green & Co ,
_c1961.
300 _a39p. :
_bill. ;
_c21cm .
653 _aEnglish novel-Criticism
653 _aEnglish fiction-Criticism
653 _aMS-English
942 _2ddc
_cBK
999 _c9056
_d9056